00328nam a2200121Ia 4500008004100000040001700041041001200058082001600070100002200086245004000108260004700148300001100195230917s9999||||xx |||||||||||||| ||und|| e149023aMAIN aEnglish a294.1 D231I aDange, Sadashiv A 0aImages from Vedic hymns and rituals aNew DelhibAryan Books Internationalc2000 a374 p.